ბათუმის შოთა რუსთაველის სახელმწიფო უნივერსიტეტის ბიბლიოთეკა

Wild grapevine in Georgia : (ბიბ.ჩანაწერი № 60830)

000 -LEADER
fixed length control field 01189nam a22002297a 4500
005 - DATE AND TIME OF LATEST TRANSACTION
control field 20231027161127.0
008 - FIXED-LENGTH DATA ELEMENTS--GENERAL INFORMATION
fixed length control field 231027s2022 enk||||| |||| 00| 0 geo d
020 ## - INTERNATIONAL STANDARD BOOK NUMBER
International Standard Book Number 9789941332203
041 ## - LANGUAGE CODE
Language code of text/sound track or separate title geo
080 ## - UNIVERSAL DECIMAL CLASSIFICATION NUMBER
Universal Decimal Classification number 634.8(479.22)+582.2(479.22) W-68
245 ## - TITLE STATEMENT
Title Wild grapevine in Georgia :
Remainder of title Multidisciplinary Comparative Research to Unravel the Mystery of its Domestication /
Statement of responsibility, etc. Editors: David Maghradze, Osvaldo Failla; Design by Bochorishvili.
264 ## - PRODUCTION, PUBLICATION, DISTRIBUTION, MANUFACTURE, AND COPYRIGHT NOTICE
Place of production, publication, distribution, manufacture Tbilisi :
Name of producer, publisher, distributor, manufacturer Universal,
Date of production, publication, distribution, manufacture, or copyright notice 2022.
300 ## - PHYSICAL DESCRIPTION
Extent 384 p. :
Other physical details ill. ;
Dimensions 30 cm.
521 ## - TARGET AUDIENCE NOTE
Target audience note წიგნი გამოიცა პროექტის „საქართველოს ველური ვაზის შესწავლა და დაცვა“ ფარგლებში.
522 ## - GEOGRAPHIC COVERAGE NOTE
Geographic coverage note ბიბლიოგრაფია: გვ. 14-16.
653 ## - INDEX TERM--UNCONTROLLED
keyword ვაზის ველური ჯიშები
653 ## - INDEX TERM--UNCONTROLLED
keyword მევენახეობა
700 ## - ADDED ENTRY--PERSONAL NAME
Personal name Maghradze, David
Relator term რედაქტორი
9 (RLIN) 20256
700 ## - ADDED ENTRY--PERSONAL NAME
Personal name Failla, Osvaldo
Relator term რედაქტორი
9 (RLIN) 20257
700 ## - ADDED ENTRY--PERSONAL NAME
Personal name Bochorishvili,
Relator term დიზაინერი.
9 (RLIN) 20258
942 ## - ADDED ENTRY ELEMENTS (KOHA)
Source of classification or shelving scheme
Koha item type წიგნი
ეგზემპლარები
Withdrawn status Lost status Source of classification or shelving scheme Damaged status Not for loan Permanent Location Current Location Shelving location Date acquired Cost, normal purchase price Full call number Barcode Date last seen Copy number Price effective from Koha item type Public note
          ბათუმის შოთა რუსთაველის სახელმწიფო უნივერსიტეტის მთავარი ბიბლიოთეკა ბათუმის შოთა რუსთაველის სახელმწიფო უნივერსიტეტის მთავარი ბიბლიოთეკა წიგნსაცავი 2023-10-27 25.00 634.8(479.22)+582.2(479.22) W-68 29948 2023-10-27 29948 2023-10-27 წიგნი 25 ლ.